Statistics for Countries Without Income Tax

Click here to take the quiz!

General Stats

  • This quiz has been taken 39 times
  • The average score is 7 of 11

Answer Stats

Countries% Correct
Kuwait
75%
Monaco
75%
Qatar
75%
United Arab Emirates
75%
Saudi Arabia
72%
Bahrain
67%
Andorra
64%
Oman
64%
Brunei
56%
Bahamas
53%
Bermuda
3%

Score Distribution

Percentile by Number Answered

Percent of People with Each Score

Your Score History

You have not taken this quiz